000 00396nam a2200145Ia 4500
003 OSt
005 20260226113254.0
008 211028s2019 xx 000 0 und d
040 _cAIMIT LIBRARY
041 _aeng
100 _aPrasad D; Harinakshi.
_g1716141
_98118
245 _aStudy on customer satisfaction of Yamaha Motors /
260 _aMangalore
_bSumitha Achar
_c2019
942 _2ddc
_cPRO
999 _c219686
_d219686